000 00332nam a22001337a 4500
008 171003b xxu||||| |||| 00| 0 eng d
020 _a9780195135947
041 _aeng
080 _a159.9
100 _a48
101 _aPSI
245 _aPHOBIC AND ANXIETY DISORDERS IN CHILDREN AND ADOLESCENTS
_cOLLENDICK,TH.H
942 _2udc
_cBK
999 _c31414
_d31414